[Event "North Island Championship"]
[Site "Auckland Chess Centre"]
[Date "2012.07.13"]
[Round "5.14"]
[White "Mukkattu, Philip"]
[Black "Dolejs, Dan"]
[Result "0-1"]
[WhiteElo "1788"]
[BlackElo "1822"]
[PlyCount "120"]
[EventDate "2012.??.??"]

1. d4 d5 2. c4 e6 3. Nc3 Nf6 4. e3 c6 5. Qc2 Be7 6. Nf3 O-O 7. Bd3 dxc4 8. Bxc4
Nbd7 9. O-O Re8 10. e4 Nf8 11. Bf4 Bb4 12. Rad1 Ng6 13. Bc1 b5 14. Bb3 a5 15.
a3 Be7 16. d5 exd5 17. exd5 Qb6 18. d6 Bf8 19. Ng5 Be6 20. Nxe6 fxe6 21. Bg5 c5
22. Bxf6 gxf6 23. Ne4 c4 24. Nxf6+ Kf7 25. Nxe8 cxb3 26. Qc7+ Qxc7 27. Nxc7 Rb8
28. Rfe1 e5 29. g3 Bg7 30. Rd3 a4 31. Rb1 Bf6 32. Rd5 b4 33. axb4 Rxb4 34. d7
Bd8 35. Na6 Rc4 36. Nc5 Rb4 37. Nd3 Re4 38. Re1 Rxe1+ 39. Nxe1 Ke6 40. Rb5 Kxd7
41. Nd3 e4 42. Ne5+ Nxe5 43. Rxe5 Bf6 44. Rd5+ Kc6 45. Rd2 Kc5 46. h4 Kc4 47.
Kf1 Bxb2 48. Rxb2 a3 49. Re2 b2 50. Rxe4+ Kb3 51. Re3+ Ka2 52. Re1 b1=Q 53.
Rxb1 Kxb1 54. f4 a2 55. Kf2 a1=Q 56. Kf3 h5 57. f5 Qe5 58. g4 Qc3+ 59. Kf4 Qd2+
60. Kg3 Qe3+ 0-1

[Event "North Island Championship"]
[Site "Auckland Chess Centre"]
[Date "2012.07.13"]
[Round "5.15"]
[White "Kolev, Stefan"]
[Black "Wang, Aaron"]
[Result "1-0"]
[WhiteElo "1626"]
[BlackElo "853"]
[PlyCount "49"]
[EventDate "2012.??.??"]

1. d4 d5 2. c4 c6 3. Nc3 Nf6 4. e3 Nbd7 5. Nf3 Nb6 6. Ne5 Bd7 7. cxd5 Nbxd5 8.
Qb3 e6 9. Nxd5 cxd5 10. Qxb7 g6 11. Bb5 Bg7 12. Bxd7+ Nxd7 13. Nxd7 Rc8 14. Nc5
Rc7 15. Qb5+ Ke7 16. Bd2 Rc8 17. Bb4 Kf6 18. Nd7+ Kg5 19. e4 Bxd4 20. Bd2+ Kh5
21. g4+ Kxg4 22. Rg1+ Kh3 23. Qd3+ Kh4 24. Qg3+ Kh5 25. Qg4# 1-0

[Event "North Island Championship"]
[Site "Auckland Chess Centre"]
[Date "2012.07.13"]
[Round "5.16"]
[White "Gong, Daniel"]
[Black "Dong, Olivia"]
[Result "1-0"]
[WhiteElo "1570"]
[BlackElo "1250"]
[PlyCount "49"]
[EventDate "2012.??.??"]

1. e4 c5 2. Nf3 d6 3. d4 cxd4 4. Nxd4 Nf6 5. Nc3 g6 6. Be3 Bg7 7. f3 O-O 8. Qd2
Nc6 9. Bc4 Bd7 10. Nde2 a6 11. Bh6 b5 12. Bb3 Na5 13. h4 Nxb3 14. axb3 Qc7 15.
Bxg7 Kxg7 16. h5 Rh8 17. hxg6 hxg6 18. O-O-O Qa5 19. Kb1 b4 20. Na2 Bb5 21. Ng3
Qc7 22. Nf5+ Kg8 23. Rxh8+ Kxh8 24. Qh6+ Nh7 25. Qg7# 1-0

[Event "North Island Championship"]
[Site "Auckland Chess Centre"]
[Date "2012.07.13"]
[Round "6.1"]
[White "Li, Luke (Zuhao)"]
[Black "Smith, Robert W"]
[Result "1/2-1/2"]
[WhiteElo "2333"]
[BlackElo "2333"]
[PlyCount "67"]
[EventDate "2012.??.??"]

1. d4 Nf6 2. c4 c5 3. d5 b5 4. cxb5 a6 5. b6 Qxb6 6. Nc3 d6 7. e4 g6 8. Be2 Bg7
9. h4 h5 10. Nf3 Nbd7 11. Qc2 Rb8 12. Nd2 Ne5 13. f4 Neg4 14. Nc4 Qc7 15. O-O
O-O 16. f5 gxf5 17. exf5 Bd7 18. Bg5 Bb5 19. Nxb5 axb5 20. Ne3 Nxe3 21. Bxe3
Nxd5 22. Bg5 Bd4+ 23. Kh1 Kg7 24. f6+ Nxf6 25. Qf5 Qc8 26. Qf4 Rh8 27. Qg3 Kf8
28. Bxf6 Bxf6 29. Rxf6 exf6 30. Qxd6+ Kg7 31. Qg3+ Kf8 32. Qd6+ Kg7 33. Qg3+
Kf8 34. Qd6+ 1/2-1/2

[Event "North Island Championship"]
[Site "Auckland Chess Centre"]
[Date "2012.07.13"]
[Round "6.2"]
[White "Duneas, John"]
[Black "Wallis, Christopher"]
[Result "0-1"]
[WhiteElo "2226"]
[BlackElo "2251"]
[PlyCount "74"]
[EventDate "2012.??.??"]

1. d4 d5 2. Nf3 Nf6 3. c4 c6 4. Nc3 dxc4 5. a4 Bf5 6. e3 e6 7. Bxc4 Bb4 8. O-O
O-O 9. Qe2 Bg4 10. Rd1 Nbd7 11. e4 Qe7 12. Bg5 h6 13. Bh4 e5 14. d5 Qc5 15.
Rac1 Nh5 16. Bg3 Nxg3 17. hxg3 Qe7 18. Qd3 Rfd8 19. d6 Qf6 20. Na2 Bc5 21. b4
Bd4 22. Nxd4 Bxd1 23. Nxc6 bxc6 24. Rxd1 Nb6 25. Bb3 Nc8 26. Qa6 Nxd6 27. Qxc6
Rac8 28. Qa6 Nxe4 29. Rxd8+ Rxd8 30. Qxa7 Rd4 31. Qb8+ Kh7 32. f3 Nxg3 33. Nc3
Qf4 34. Bc2+ g6 35. Qc7 Qe3+ 36. Kh2 Rh4+ 37. Kxg3 Qe1# 0-1

[Event "North Island Championship"]
[Site "Auckland Chess Centre"]
[Date "2012.07.13"]
[Round "6.3"]
[White "Thornton, Gino A"]
[Black "Steadman, Michael V R"]
[Result "0-1"]
[WhiteElo "2211"]
[BlackElo "2314"]
[PlyCount "84"]
[EventDate "2012.??.??"]

1. d4 e6 2. g3 f5 3. Bg2 Nf6 4. c4 c6 5. Nf3 d5 6. O-O Bd6 7. Nc3 O-O 8. b3
Nbd7 9. Bb2 Qe7 10. Qc2 Ng4 11. Nd1 Qf6 12. Qd2 f4 13. h3 Nh6 14. g4 g5 15. Nc3
Nf7 16. e4 fxe3 17. fxe3 Qg6 18. Ne1 b6 19. e4 Ba6 20. cxd5 exd5 21. Rf5 Rae8
22. exd5 c5 23. Ne4 Bf4 24. Qd1 h5 25. Rxf4 gxf4 26. gxh5 Qg7 27. Qg4 Qxg4 28.
hxg4 Be2 29. dxc5 f3 30. Nxf3 Rxe4 31. c6 Nc5 32. Nd4 Ree8 33. Kh2 Nd6 34. b4
Nd3 35. Bc3 Nf2 36. Ne6 Nxg4+ 37. Kh1 Rf7 38. Bd4 Nf5 39. Bh3 Nxd4 40. Rg1 Bf3+
41. Bg2 Bxg2+ 42. Kxg2 Nxe6 0-1

[Event "North Island Championship"]
[Site "Auckland Chess Centre"]
[Date "2012.07.13"]
[Round "6.4"]
[White "Stuart, Peter W"]
[Black "Dordevic, Ivan"]
[Result "1/2-1/2"]
[WhiteElo "2107"]
[BlackElo "2149"]
[PlyCount "38"]
[EventDate "2012.??.??"]

1. c4 c5 2. Nc3 g6 3. g3 Bg7 4. Bg2 Nc6 5. e3 Nf6 6. Nge2 O-O 7. O-O d6 8. d4
Bf5 9. b3 Qc8 10. Bb2 Bh3 11. Nf4 Bxg2 12. Kxg2 e5 13. dxe5 dxe5 14. Nfd5 Re8
15. Nxf6+ Bxf6 16. Nd5 Bg7 17. e4 Nd4 18. Qd3 Qc6 19. f3 Rad8 1/2-1/2

[Event "North Island Championship"]
[Site "Auckland Chess Centre"]
[Date "2012.07.13"]
[Round "6.6"]
[White "Yang, Scott"]
[Black "Perry, Roger L"]
[Result "0-1"]
[WhiteElo "2103"]
[BlackElo "2068"]
[PlyCount "62"]
[EventDate "2012.??.??"]

1. d4 Nf6 2. Nf3 g6 3. g3 Bg7 4. c4 d5 5. Bg2 dxc4 6. O-O c6 7. Nbd2 b5 8. Ne5
Bb7 9. e3 O-O 10. a4 Qc8 11. e4 Nbd7 12. Nef3 a6 13. Re1 c5 14. d5 Ng4 15. Nb1
Nde5 16. Nxe5 Nxe5 17. Bf1 Qg4 18. Be2 Qxe4 19. Nc3 Qd4 20. Be3 Qxd1 21. Raxd1
b4 22. Ne4 Rfd8 23. Bxc5 Rxd5 24. Bxe7 Rxd1 25. Bxd1 Nd3 26. Re2 Nxb2 27. Bc2
b3 28. Nf6+ Bxf6 29. Bxf6 bxc2 30. Bxb2 Rd8 31. f4 c1=Q+ 0-1

[Event "North Island Championship"]
[Site "Auckland Chess Centre"]
[Date "2012.07.13"]
[Round "6.7"]
[White "Lim, Benji"]
[Black "Kolev, Hristo"]
[Result "1-0"]
[WhiteElo "2056"]
[BlackElo "1733"]
[PlyCount "121"]
[EventDate "2012.??.??"]

1. d4 c5 2. d5 Nf6 3. c4 b5 4. cxb5 a6 5. f3 d6 6. e4 g6 7. Bc4 Bg7 8. Ne2 O-O
9. Na3 Nbd7 10. Nc3 Nb6 11. Be2 Nfd7 12. Be3 axb5 13. Naxb5 Ba6 14. O-O Ne5 15.
Qc2 Nec4 16. Bc1 Qd7 17. a4 f5 18. Ra2 f4 19. b3 Na5 20. Bb2 c4 21. b4 Nb3 22.
Rd1 Nxa4 23. Rxa4 Bxb5 24. Rxa8 Rxa8 25. Nxb5 Qxb5 26. Bxg7 Kxg7 27. Qxc4 Qb6+
28. Kf1 Qe3 29. Qd3 Qxd3 30. Bxd3 Rb8 31. b5 Nd4 32. Rb1 Rb6 33. Rb4 e5 34. Ra4
Rb7 35. Rb4 Rb6 36. Ke1 Kf7 37. Kf2 g5 38. g3 Kf6 39. Rb2 Kf7 40. Kg2 Kf6 41.
Ra2 Rb7 42. Ra6 Ke7 43. Ra3 Kf6 44. Ra6 Ke7 45. Ra8 Nxb5 46. Rh8 Kf6 47. Bxb5
Rxb5 48. Rxh7 Kg6 49. Rd7 Rb6 50. Kh3 Kh5 51. Rh7+ Kg6 52. Rc7 Rb3 53. Kg4 Rb2
54. Rc6 Rxh2 55. Rxd6+ Kf7 56. gxf4 gxf4 57. Re6 Rg2+ 58. Kf5 Rg3 59. Rf6+ Ke7
60. Kxe5 Rg5+ 61. Rf5 1-0

[Event "North Island Championship"]
[Site "Auckland Chess Centre"]
[Date "2012.07.13"]
[Round "6.8"]
[White "Milligan, Helen"]
[Black "Tsoi, Nicole"]
[Result "1/2-1/2"]
[WhiteElo "2099"]
[BlackElo "1934"]
[PlyCount "62"]
[EventDate "2012.??.??"]

1. e4 e6 2. d4 d5 3. Nc3 Bb4 4. e5 Ne7 5. a3 Bxc3+ 6. bxc3 c5 7. Qg4 Kf8 8. h4
Qa5 9. Bd2 Qa4 10. Rh3 Nbc6 11. Nf3 Qxc2 12. Ng5 c4 13. Rf3 Nf5 14. Qf4 h6 15.
Nxf7 Kxf7 16. g4 Qe4+ 17. Be3 Qxf4 18. Rxf4 Na5 19. gxf5 exf5 20. h5 Ke7 21.
Bh3 Rf8 22. Ke2 Bd7 23. Rg1 Rf7 24. Bg2 Be6 25. Rh4 Nb3 26. f4 b5 27. Bf3 Rb8
28. Rh2 a5 29. Bc1 Ke8 30. Ke3 a4 31. Rhg2 Rbb7 {(=)} 1/2-1/2

[Event "North Island Championship"]
[Site "Auckland Chess Centre"]
[Date "2012.07.13"]
[Round "6.9"]
[White "Timergazi, Layla"]
[Black "Seabrook, Roy"]
[Result "0-1"]
[WhiteElo "1755"]
[BlackElo "1885"]
[PlyCount "72"]
[EventDate "2012.??.??"]

1. d4 f5 2. c4 Nf6 3. Nc3 g6 4. Bg5 Bg7 5. Nf3 O-O 6. g3 Ne4 7. Bf4 d6 8. Bg2
Nxc3 9. bxc3 Nc6 10. O-O e5 11. Bg5 Qe8 12. d5 Na5 13. Nd2 b6 14. Be3 Ba6 15.
Qc2 Nxc4 16. Nxc4 Bxc4 17. Rfd1 f4 18. gxf4 exf4 19. Bd4 Qxe2 20. Qxe2 Bxe2 21.
Bxg7 Kxg7 22. Re1 f3 23. Bh3 Rae8 24. Be6 Rf4 25. Rac1 Re7 26. a3 c6 27. h3 Kf6
28. Kh2 g5 29. Kg3 h5 30. Rg1 Bc4 31. Rcd1 h4+ 32. Kh2 Be2 33. Rc1 Ra4 34. Ra1
Ra5 35. Rg4 cxd5 36. Bg8 Rg7 0-1

[Event "North Island Championship"]
[Site "Auckland Chess Centre"]
[Date "2012.07.13"]
[Round "6.10"]
[White "Ang, Alphaeus Wei Ern"]
[Black "Qin, Joy Shu Yan"]
[Result "1-0"]
[WhiteElo "1814"]
[BlackElo "1485"]
[PlyCount "57"]
[EventDate "2012.??.??"]

1. d4 d5 2. Nc3 e6 3. e4 Bb4 4. e5 c5 5. a3 Bxc3+ 6. bxc3 Ne7 7. Nf3 Nbc6 8.
Bd3 h6 9. O-O O-O 10. Bf4 cxd4 11. cxd4 f6 12. Qd2 fxe5 13. dxe5 Nf5 14. h3 Bd7
15. g4 Nfd4 16. Nxd4 Nxd4 17. Bh7+ Kxh7 18. Qxd4 a6 19. Bg3 Bb5 20. Rfe1 Rc8
21. c3 Rc4 22. Qd2 Rf3 23. Re3 Rxe3 24. Qxe3 Qa5 25. Qd3+ Kg8 26. Qg6 Bd7 27.
Bh4 Kh8 28. Bf6 gxf6 29. exf6 1-0

[Event "North Island Championship"]
[Site "Auckland Chess Centre"]
[Date "2012.07.13"]
[Round "6.11"]
[White "Goodhue, Nathan"]
[Black "Liu, Brian"]
[Result "1-0"]
[WhiteElo "2118"]
[BlackElo "1957"]
[PlyCount "89"]
[EventDate "2012.??.??"]

1. b3 d5 2. Bb2 Bf5 3. d3 Nf6 4. h3 h6 5. g4 Bh7 6. e3 e6 7. f4 Nfd7 8. Nf3 Bc5
9. Bxg7 Rg8 10. Bd4 Bxd4 11. exd4 Nc6 12. Qd2 Qe7 13. Bg2 O-O-O 14. Nc3 f6 15.
O-O f5 16. g5 Qg7 17. Qf2 Nf8 18. h4 hxg5 19. hxg5 Ng6 20. Ne2 Rh8 21. c3 Bg8
22. Rfb1 Bf7 23. Kf1 Rh7 24. Ke1 Rdh8 25. Kd2 Nh4 26. Rh1 Nxf3+ 27. Bxf3 Rxh1
28. Rxh1 Rxh1 29. Bxh1 Qh8 30. Bf3 Ne7 31. Qg2 c6 32. Ke3 Kd7 33. Qh1 Qf8 34.
Kf2 a5 35. Kg3 Bg6 36. Qh2 b6 37. Bh5 Bxh5 38. Qxh5 c5 39. Qh7 Qe8 40. dxc5
bxc5 41. Ng1 Kd6 42. Nf3 Ng6 43. Qg7 Nh8 44. Ne5 a4 45. Qxh8 1-0

[Event "North Island Championship"]
[Site "Auckland Chess Centre"]
[Date "2012.07.13"]
[Round "6.12"]
[White "Dolejs, Dan"]
[Black "Eade, Don"]
[Result "1-0"]
[WhiteElo "1822"]
[BlackElo "1867"]
[PlyCount "91"]
[EventDate "2012.??.??"]

1. e4 c5 2. Nf3 Nc6 3. Bc4 e6 4. e5 d6 5. exd6 Bxd6 6. O-O Nf6 7. d3 a6 8. c3
Na5 9. Bb3 Nxb3 10. Qxb3 O-O 11. Bg5 Be7 12. Qc2 b5 13. Nbd2 Bb7 14. Rad1 Qc7
15. Bh4 Rad8 16. Rfe1 Rd7 17. Bg3 Qc6 18. Ne4 Ng4 19. h3 f5 20. hxg4 fxe4 21.
dxe4 Bd6 22. Rxd6 Rxd6 23. Bxd6 Qxd6 24. Ng5 Qe7 25. Nh3 Qh4 26. Qe2 e5 27. f3
Bc8 28. Qf2 Qe7 29. Qe3 Rd8 30. Nf2 Be6 31. Nd3 Bxa2 32. Nxc5 Bc4 33. Nxa6 Rd3
34. Qc5 Qh4 35. Qf2 Qxf2+ 36. Kxf2 Rd2+ 37. Kg3 Rxb2 38. Nb4 Kf7 39. Ra1 Kf6
40. Ra6+ Kg5 41. Ra7 Kg6 42. Nc6 Kf6 43. g5+ Kg6 44. Kh4 h6 45. Nxe5+ Kh7 46.
g6+ 1-0

[Event "North Island Championship"]
[Site "Auckland Chess Centre"]
[Date "2012.07.13"]
[Round "6.13"]
[White "Roberts, Michael H"]
[Black "Kolev, Stefan"]
[Result "1-0"]
[WhiteElo "1843"]
[BlackElo "1626"]
[PlyCount "95"]
[EventDate "2012.??.??"]

1. d4 d5 2. Nf3 Nf6 3. c4 dxc4 4. Nc3 Bf5 5. e3 Ne4 6. Bxc4 Nxc3 7. bxc3 e6 8.
O-O Be4 9. Nd2 Bd5 10. e4 Bxc4 11. Nxc4 c6 12. Bf4 Be7 13. Qg4 g6 14. Bh6 Nd7
15. e5 Nb6 16. Nd2 Nd5 17. c4 Nb6 18. a4 a5 19. Rfb1 Bb4 20. Ne4 Kd7 21. d5
Nxc4 22. Nf6+ Kc7 23. Qxc4 exd5 24. Qd4 b6 25. Bg7 Bc5 26. Qf4 g5 27. Qf5 Re8
28. Nxe8+ Qxe8 29. Re1 Rd8 30. e6 fxe6 31. Rxe6 Qd7 32. Be5+ Kb7 33. Rf6 Qxf5
34. Rxf5 d4 35. Rf7+ Ka6 36. Rxh7 d3 37. Rd1 b5 38. axb5+ cxb5 39. Rh3 d2 40.
Bc3 a4 41. Rxd2 Re8 42. Rh6+ Kb7 43. Kf1 b4 44. Rd5 Rc8 45. Rd7+ Kb8 46. Be5+
Bd6 47. Bxd6+ Ka8 48. Bc5 1-0

[Event "North Island Championship"]
[Site "Auckland Chess Centre"]
[Date "2012.07.13"]
[Round "6.14"]
[White "Wang, Aaron"]
[Black "Shierlaw, Hamish"]
[Result "0-1"]
[WhiteElo "853"]
[BlackElo "1628"]
[PlyCount "156"]
[EventDate "2012.??.??"]

1. Nf3 d5 2. g3 Nf6 3. Bg2 e6 4. O-O Be7 5. d3 O-O 6. Nc3 Nbd7 7. Bd2 b6 8. e4
dxe4 9. dxe4 Bb7 10. Re1 c5 11. Bg5 h6 12. Bxf6 Bxf6 13. Re2 Bxc3 14. bxc3 Qc7
15. Rd2 Rfd8 16. e5 Rab8 17. a3 Bxf3 18. Bxf3 Nxe5 19. Bg2 Rxd2 20. Qxd2 Rd8
21. Qe1 Qd6 22. Rb1 Nc4 23. a4 Qd7 24. Be4 Qxa4 25. Rd1 Rxd1 26. Qxd1 Qe8 27.
Qe2 Nd6 28. Bd3 Qa4 29. Qd1 Qd7 30. Bb5 Qc7 31. Be2 Ne4 32. Qd3 Nf6 33. c4 Qd7
34. Qxd7 Nxd7 35. Kf1 Kf8 36. Ke1 Ke7 37. Kd2 Kd6 38. Kc3 Ke5 39. f3 Nb8 40.
Kd3 g5 41. c3 f5 42. Ke3 f4+ 43. Kf2 fxg3+ 44. Kxg3 Kf5 45. Bd3+ Ke5 46. h3 {
(=)} Nc6 47. Bc2 Ne7 48. Kg4 Kf6 49. Bb3 Ng6 50. Bc2 Kg7 51. Bb1 Ne5+ 52. Kg3
Nxc4 53. Ba2 b5 54. Kf2 Kf6 55. Kg3 h5 56. Bb3 h4+ 57. Kg4 Ne3+ 58. Kh5 Kf5 59.
Kh6 c4 60. Ba2 Kf4 61. Bb1 Nd1 62. Bc2 Nxc3 63. Bg6 a5 64. Bc2 a4 65. Bxa4 bxa4
66. Kh5 a3 67. Kh6 a2 68. Kh5 a1=Q 69. Kg6 e5 70. Kh5 Kf5 71. f4 exf4 72. Kh6
Qa6+ 73. Kh7 g4 74. Kg7 gxh3 75. Kh7 Qg6+ 76. Kh8 Qg4 77. Kh7 Kf6 78. Kh8 Qg7#
0-1

[Event "North Island Championship"]
[Site "Auckland Chess Centre"]
[Date "2012.07.13"]
[Round "6.15"]
[White "Lyall, Simon"]
[Black "Gong, Daniel"]
[Result "0-1"]
[WhiteElo "1880"]
[BlackElo "1570"]
[PlyCount "160"]
[EventDate "2012.??.??"]

1. e4 c5 2. c3 e6 3. d4 d5 4. e5 Nc6 5. Nf3 Qb6 6. a3 Bd7 7. b4 cxb4 8. cxb4 a6
9. Be2 Nge7 10. O-O Nf5 11. Be3 Be7 12. Nc3 O-O 13. Na4 Qa7 14. Nc5 Bxc5 15.
bxc5 Nxe3 16. fxe3 Rab8 17. Qd3 h6 18. Rab1 Ne7 19. Qb3 Nf5 20. g4 Ne7 21. h4
Kh8 22. h5 Nc8 23. Qc2 Ne7 24. g5 Nf5 25. gxh6 gxh6 26. Kf2 Rg8 27. Bd3 Rg2+
28. Kxg2 Nxe3+ 29. Kf2 Nxc2 30. Bxc2 Rg8 31. Nh2 Qa8 32. Bd1 Bb5 33. Re1 Qd8
34. Nf3 Rg7 35. Bc2 Qa5 36. Re3 Rg4 37. Bd1 Re4 38. Reb3 Rg4 39. Re3 Rg8 40.
Bc2 Qd8 41. Rc3 Qf8 42. Re3 Rg7 43. Ree1 Qg8 44. Rg1 Rg4 45. Rbe1 Qg7 46. Rb1
Qg8 47. Rbe1 Rxg1 48. Rxg1 Qd8 49. a4 Bc6 50. Rb1 Qa5 51. Kg2 Qc3 52. Bd1 Qd3
53. Ra1 Qf5 54. Ne1 Qe4+ 55. Nf3 Qg4+ 56. Kf2 Qxh5 57. Ke3 Qf5 58. Kf2 h5 59.
Be2 f6 60. exf6 Qxf6 61. Rh1 Be8 62. Kg3 Kg7 63. Ne5 Qg5+ 64. Kf3 Kf8 65. Bd3
Ke7 66. Rb1 Bc6 67. Rh1 Bxa4 68. Rb1 Bc6 69. Rh1 a5 70. Ra1 a4 71. Nxc6+ bxc6
72. Rxa4 Qg4+ 73. Ke3 Qg3+ 74. Kd2 h4 75. Ra7+ Kf6 76. Ra8 h3 77. Rh8 h2 78.
Rh6+ Kf7 79. Rh7+ Kg8 80. Rh6 Qf4+ 0-1

[Event "North Island Championship"]
[Site "Auckland Chess Centre"]
[Date "2012.07.13"]
[Round "6.16"]
[White "Dong, Olivia"]
[Black "Mukkattu, Philip"]
[Result "0-1"]
[WhiteElo "1250"]
[BlackElo "1788"]
[PlyCount "84"]
[EventDate "2012.??.??"]

1. d4 Nf6 2. Bf4 g6 3. Nf3 Bg7 4. Nbd2 d5 5. e3 Nh5 6. Bg3 Nxg3 7. hxg3 Bg4 8.
Bd3 e5 9. Be2 exd4 10. exd4 O-O 11. c3 Re8 12. Kf1 Nd7 13. Rh4 Nf6 14. Ne5
Bxe2+ 15. Qxe2 Nd7 16. Ndf3 f6 17. Qb5 c6 18. Nxc6 bxc6 19. Qxc6 Nb6 20. g4 Rc8
21. Qb7 Rc7 22. Qa6 Rce7 23. g3 Qd7 24. Kg2 g5 25. Rh5 Qxg4 26. Rah1 h6 27. Qd3
Qe4 28. Qd1 g4 29. a3 Nc4 30. b3 Qxf3+ 31. Qxf3 gxf3+ 32. Kxf3 Nxa3 33. Kg2 Nb5
34. Rxd5 Nxc3 35. Rdh5 Re2 36. d5 Ne4 37. d6 Nxd6 38. b4 Ne4 39. b5 Nxf2 40.
R1h2 Ng4+ 41. Kh1 Rc8 42. b6 Rc1# 0-1

[Event "North Island Championship"]
[Site "Auckland Chess Centre"]
[Date "2012.07.14"]
[Round "7.1"]
[White "Perry, Roger L"]
[Black "Li, Luke (Zuhao)"]
[Result "0-1"]
[WhiteElo "2068"]
[BlackElo "2333"]
[PlyCount "132"]
[EventDate "2012.??.??"]

1. e4 e5 2. Nf3 Nc6 3. d4 exd4 4. Nxd4 Nf6 5. Nc3 Bb4 6. Nxc6 bxc6 7. Bd3 d5 8.
exd5 cxd5 9. O-O O-O 10. Bg5 Bxc3 11. bxc3 h6 12. Bh4 Qd6 13. Qf3 Bg4 14. Qg3
Qxg3 15. Bxg3 c5 16. c4 Rac8 17. Rab1 Be6 18. cxd5 Bxd5 19. a3 c4 20. Bf5 Rc6
21. Rfd1 Ra6 22. Be5 Ba8 23. f3 Nd5 24. Kf2 Re8 25. Be4 Nb6 26. Bxa8 Rxe5 27.
Ra1 Nxa8 28. Rd8+ Kh7 29. Rxa8 h5 30. Rc8 Rd6 31. Rxc4 Rd2+ 32. Kg3 Rg5+ 33.
Kf4 Rgxg2 34. Rh1 Rxc2 35. Rxc2 Rxc2 36. Rd1 Rxh2 37. Rd7 Rh4+ 38. Kg5 Ra4 39.
Rxf7 Ra5+ 40. Kh4 Kh6 41. f4 Rxa3 42. Rc7 Rf3 43. Rxa7 Rxf4+ 44. Kg3 Rf6 45.
Ra4 g5 46. Ra8 Kg6 47. Ra5 h4+ 48. Kg4 Rf4+ 49. Kh3 Rf3+ 50. Kg2 Rb3 51. Rc5
Ra3 52. Rb5 Kh5 53. Rc5 Ra4 54. Rb5 Kg4 55. Rb3 h3+ 56. Kh2 Ra2+ 57. Kh1 Kh4
58. Rb4+ g4 59. Rb3 g3 60. Rb4+ Kg5 61. Rb5+ Kf4 62. Rb4+ Kf3 63. Rb3+ Kf2 64.
Rb2+ Kf1 65. Rb1+ Ke2 66. Rc1 Rd2 0-1

[Event "North Island Championship"]
[Site "Auckland Chess Centre"]
[Date "2012.07.14"]
[Round "7.2"]
[White "Wallis, Christopher"]
[Black "Stuart, Peter W"]
[Result "1-0"]
[WhiteElo "2251"]
[BlackElo "2107"]
[PlyCount "97"]
[EventDate "2012.??.??"]

1. d4 Nf6 2. c4 e6 3. Nc3 Bb4 4. e3 b6 5. Nge2 Ba6 6. a3 Be7 7. Nf4 d5 8. cxd5
Bxf1 9. Kxf1 Nxd5 10. Ncxd5 exd5 11. h4 c6 12. h5 h6 13. Bd2 O-O 14. Rc1 Qd7
15. Nd3 Bd6 16. Qf3 Na6 17. g3 Rac8 18. Kg2 Qe6 19. b4 Nb8 20. Rc2 f5 21. Rhc1
Qe4 22. Nf4 Bxf4 23. Qxe4 fxe4 24. gxf4 b5 25. a4 a6 26. Rc5 Kf7 27. f3 exf3+
28. Kxf3 Rfe8 29. Be1 bxa4 30. Ra5 Ke6 31. Rxa4 Rc7 32. Ra2 Kf5 33. Bh4 Rb7 34.
Rg2 Rf8 35. Rg6 Rff7 36. Rc5 Rf6 37. Bxf6 gxf6 38. e4+ Ke6 39. e5 Rxb4 40.
Rxf6+ Ke7 41. Rxh6 Rxd4 42. Rh7+ Kd8 43. Rb7 Kc8 44. Rb1 Kc7 45. h6 Nd7 46. h7
Nxe5+ 47. fxe5 Rh4 48. Rbc1 Rxh7 49. Rxc6+ 1-0

[Event "North Island Championship"]
[Site "Auckland Chess Centre"]
[Date "2012.07.14"]
[Round "7.3"]
[White "Smith, Robert W"]
[Black "Lim, Benji"]
[Result "0-1"]
[WhiteElo "2333"]
[BlackElo "2056"]
[PlyCount "120"]
[EventDate "2012.??.??"]

1. e4 c5 2. Nc3 Nc6 3. f4 g6 4. Nf3 Bg7 5. Bb5 Nd4 6. O-O Nxb5 7. Nxb5 d5 8.
exd5 a6 9. Nc3 Nf6 10. d4 c4 11. Qe2 b5 12. Re1 Bb7 13. f5 b4 14. Na4 Bxd5 15.
Nb6 Bxf3 16. Qxf3 Ra7 17. Nxc4 Rc7 18. Qd3 O-O 19. Bf4 Rd7 20. Be5 Ng4 21. Qf3
Rxd4 22. Bxg7 Kxg7 23. Ne3 Nxe3 24. Rxe3 Rd2 25. Qe4 Qb6 26. Rae1 Rc8 27. Qxe7
Rcxc2 28. Kh1 Rxg2 29. Qe5+ Qf6 30. Qxf6+ Kxf6 31. Rh3 Kg7 32. Rf1 Rgf2 33.
Rxf2 Rxf2 34. fxg6 hxg6 35. Rb3 a5 36. a3 bxa3 37. Rxa3 Rxb2 38. Rxa5 f6 39.
Ra6 g5 40. Kg1 Kg6 41. Rc6 Re2 42. Ra6 Kf5 43. h3 Ke5 44. Rb6 f5 45. Rb4 Rd2
46. Ra4 Re2 47. Rb4 Kf6 48. Rb6+ Ke5 49. Rb4 f4 50. Rb5+ Kf6 51. Rb6+ Kf5 52.
Rb4 f3 53. Ra4 Re4 54. Ra3 Kf4 55. Kf2 Re2+ 56. Kf1 Kg3 57. Ra5 Rf2+ 58. Ke1 g4
59. hxg4 Kg2 60. Rf5 Ra2 0-1

[Event "North Island Championship"]
[Site "Auckland Chess Centre"]
[Date "2012.07.14"]
[Round "7.4"]
[White "Dordevic, Ivan"]
[Black "Steadman, Michael V R"]
[Result "0-1"]
[WhiteElo "2149"]
[BlackElo "2314"]
[PlyCount "60"]
[EventDate "2012.??.??"]

1. e4 c5 2. Nf3 d6 3. d4 cxd4 4. Nxd4 Nf6 5. Nc3 g6 6. f3 a6 7. Bc4 b5 8. Bb3
Bb7 9. Be3 Nbd7 10. Qd2 Rc8 11. O-O-O Ne5 12. Kb1 h5 13. h4 Nc4 14. Bxc4 Rxc4
15. b3 Rc8 16. Nde2 Bg7 17. Bd4 O-O 18. Nd5 Bxd5 19. exd5 Qc7 20. Nf4 Bh6 21.
g4 hxg4 22. fxg4 Nxg4 23. Rdg1 Ne5 24. Rh3 Kh7 25. h5 g5 26. Bxe5 dxe5 27. Qd3+
e4 28. Qxe4+ f5 29. Qe6 Rf6 30. d6 Qxc2+ 0-1

[Event "North Island Championship"]
[Site "Auckland Chess Centre"]
[Date "2012.07.14"]
[Round "7.5"]
[White "Zhang, William Jeiwen"]
[Black "Thornton, Gino A"]
[Result "0-1"]
[WhiteElo "1864"]
[BlackElo "2211"]
[PlyCount "102"]
[EventDate "2012.??.??"]

1. d4 Nf6 2. c4 e6 3. Nc3 Bb4 4. e3 Ne4 5. Bd2 Bxc3 6. Bxc3 Nxc3 7. bxc3 b6 8.
Nf3 O-O 9. Bd3 Bb7 10. e4 d6 11. O-O Nd7 12. Qe2 c5 13. d5 Qf6 14. Qc2 h6 15.
Rab1 e5 16. Rfe1 Rfb8 17. Nd2 Nf8 18. Nf1 Ng6 19. g3 Bc8 20. Ne3 Nf8 21. Bf1
Nh7 22. Bg2 Ng5 23. Qe2 Qg6 24. f3 Bd7 25. g4 Qf6 26. Rb2 Nh7 27. Reb1 Nf8 28.
Rd2 Ng6 29. Qd1 Qg5 30. Qe2 Nf4 31. Qf2 a6 32. Kh1 Rb7 33. Bf1 Rab8 34. Rdb2
Qd8 35. Qd2 h5 36. h3 g6 37. Qc2 Kg7 38. Kh2 Qg5 39. Ng2 hxg4 40. fxg4 Nxh3 41.
Kxh3 Rh8+ 42. Kg3 Qxg4+ 43. Kf2 Rh3 44. Rxb6 Qg3+ 45. Kg1 Qh2+ 46. Kf2 Rxb6 47.
Rxb6 Bg4 48. Ke1 Qg3+ 49. Qf2 Qxc3+ 50. Qd2 Qa1+ 51. Kf2 Rf3+ 0-1

[Event "North Island Championship"]
[Site "Auckland Chess Centre"]
[Date "2012.07.14"]
[Round "7.6"]
[White "Duneas, John"]
[Black "Ang, Alphaeus Wei Ern"]
[Result "1-0"]
[WhiteElo "2226"]
[BlackElo "1814"]
[PlyCount "95"]
[EventDate "2012.??.??"]

1. d4 Nf6 2. Nf3 g6 3. c4 Bg7 4. Nc3 O-O 5. e4 d6 6. Be2 Nbd7 7. O-O e5 8. d5
Nc5 9. Qc2 a5 10. Ne1 Ne8 11. Be3 f5 12. f3 f4 13. Bf2 b6 14. a3 g5 15. Nd3
Nxd3 16. Bxd3 Bd7 17. b4 h5 18. c5 bxc5 19. bxc5 dxc5 20. Na4 Bxa4 21. Qxa4 Nd6
22. Rac1 g4 23. Rxc5 Qg5 24. Be1 Rf6 25. Rxc7 Rg6 26. Qc2 gxf3 27. Rxf3 Qg4 28.
Qe2 Nf7 29. h3 Qg5 30. Rc6 Rxc6 31. dxc6 Qg6 32. Bc4 Qxc6 33. Rc3 Qb6+ 34. Kh2
Qg6 35. Bd5 Rd8 36. Rc6 Qg5 37. Rc7 Rxd5 38. exd5 Nd6 39. Rc6 Nf5 40. Rc8+ Kh7
41. Qd3 Kh6 42. Qa6+ Kh7 43. Qe6 Ne3 44. Qg8+ Kg6 45. Rc6+ Qf6 46. Rxf6+ Kxf6
47. Qe6+ Kg5 48. h4# 1-0

[Event "North Island Championship"]
[Site "Auckland Chess Centre"]
[Date "2012.07.14"]
[Round "7.7"]
[White "Seabrook, Roy"]
[Black "Browne, Jeremy A"]
[Result "0-1"]
[WhiteElo "1885"]
[BlackElo "2129"]
[PlyCount "52"]
[EventDate "2012.??.??"]

1. e4 e6 2. d4 d5 3. e5 c5 4. c3 Nc6 5. Nf3 Qb6 6. Be2 Bd7 7. O-O Rc8 8. dxc5
Bxc5 9. Nbd2 Qc7 10. Nb3 Nxe5 11. Nxc5 Nxf3+ 12. Bxf3 Qxc5 13. Be3 Qc7 14. Qd4
Nf6 15. Qxa7 Bc6 16. Qc5 h5 17. Rad1 Ra8 18. Bg5 Ra5 19. Qb4 Ra4 20. Qc5 Ng4
21. g3 b6 22. Bf4 Rxf4 23. Qa3 Rxf3 24. Qb4 Nxh2 25. Kxh2 h4 26. Kg1 Rxg3+ 0-1